000 00695nam a22002177a 4500
003 UA-OsUOA
001 113231
007 ta
008 20150902b un ||||| |||| 00| 0 ukr d
100 _aФилатов Е.С.
090 _a159
_bФ51
942 _cSA
040 _aUA-OsUOA
_brus
_cUA-OsUOA
_dUA-OsUOA
245 _aО формировании юнговских психологических типов. Феномен двойников
300 _aС.17-31
955 _a0
041 _arus
080 _a159
773 0 _w113230
_tСоционика, ментология и психология личности
_dК.
_d2015
_g3
650 7 _a1 Філософські науки
_2UDC
999 _c399192
_d399192